100 % Glück und Zufall (möglich) - Statistiken

Allgemein
  • Dieses Quiz wurde 2.828 mal gespielt
  • Das Durchschnittsergebnis liegt bei 2 aus 6
Answers on the Grid
Answers color-coded by a green-red scale on the quiz's grid according to % correct below.
1
1
1
1
1
1
1
1
1
 
Antwortstatistiken
Antwort % Korrekt
1
42%
1
40%
1
38%
1
37%
1
37%
1
35%
Keine übereinstimmenden Quizze gefunden
Verteilung der Resultate
Anzahl Personen mit jedem Resultat
Perzentil nach korrekt beantworteten Fragen
Ihre Resultats-Entwicklung
Sie haben dieses Quiz noch nicht gespielt